|
|
|
|
| LEADER |
00000cam a2200000 7i4500 |
| 001 |
0000000628 |
| 005 |
20000914.0 |
| 020 |
0 |
0 |
|a 0120414104
|
| 090 |
0 |
0 |
|a 631.53
|b IMP 1987
|
| 245 |
0 |
0 |
|a IMPROVING vegetatively propagated crops
|c edited by A. J. Abbott and R. K. Atkin
|
| 260 |
0 |
0 |
|a London :
|b Academic Press ,
|c 1987
|
| 300 |
|
|
|a xviii, 416 p. :
|b ill. ;
|c 24 cm.
|
| 440 |
0 |
0 |
|a Applied botany and crop science
|
| 500 |
0 |
0 |
|a Includes bibliographies and index
|
| 650 |
0 |
0 |
|a Plant breeding
|
| 650 |
0 |
0 |
|a Plant propagation
|
| 700 |
0 |
1 |
|a Abbott
|h A. J. (Anthony John) ,
|c 1930-
|
| 700 |
0 |
1 |
|a Atkin
|h R. K.
|
| 999 |
|
|
|a 0000001683
|b Monograph
|c Open Shelf
|e Default branch
|